Statistics for Name that Country - Picture Quiz #2

Click here to take the quiz!

General Stats

  • This quiz has been taken 19 times
  • The average score is 9 of 12

Answer Stats

Answer% Correct
Australia
100%
Malaysia
100%
France
94%
Canada
83%
Jordan
78%
Mongolia
78%
Turkey
72%
Taiwan
67%
Bhutan
56%
China
56%
Japan
50%
Bahrain
33%

Score Distribution

Percentile by Number Answered

Percent of People with Each Score

Your Score History

You have not taken this quiz